000 00487nam a22001817a 4500
003 CEME
005 20210628202958.0
008 210215b xxu||||| |||| 00| 0 eng d
020 _a81-7808-260-8
040 _c.
082 _a005.16 LEF
100 _aLeffingwell, Dean Widrig, Don
_962684
245 _aManaging software requirements
260 _aINDIA
_bPEARSON EDUCATION ASIA
_c2002
300 _aXXIX,491P
650 _aSOFTWARE REQUIREMENTS MANAGING
_962685
942 _cBK
_2ddc
999 _c571717
_d571717